000 00488nam a2200169Ia 4500
003 GCL
008 140319s9999 xx 000 0 ara d
040 _aGCL /
_cGCL
082 0 4 _aط
_b372.5
_bس ك
100 1 _aشركة رشاد برس
245 1 0 _aكتابى الثانى /
_cشركة رشاد برس
490 _aسلسلة التلوين للصغار
_v0
650 0 4 _aالقصص القصيرة
650 0 4 _aالاطفال
650 0 4 _aادب الاطفال
942 _2ddc
_cBK
999 _c51364
_d51364